000 00555cam a2200217 4500
008 090401t1987 xxu||||| |||| 00| 0 eng d
020 _a0333387651
035 _a(Sirsi) u19274
041 _aeng
050 _a658.4
100 _aBowman, Cliff
245 _aStrategic management.
260 _aBasingstoke
_bMacMillan
_c1987
300 _axvi,407p. ; 24cm.
350 _a15.5
650 _aSTRATEGIC MANAGEMENT
690 _aMANAGEMENT-BUSINESS MANAGEMENT-PROFESSIONAL PRACTICE
700 _aAsch, David
942 _n0
948 _c04/03/1997
999 _c87658
_d87658